000 00640nam a2200241Ia 4500
001 52334
005 20240114005300.0
007 ta
008 080101s009- g b000 u asm u
040 _aCotton College Assam
041 _aasm
082 _a070.175
_bGa 23 An
100 _aKhanikar, Bijaylakshmi .
245 0 _aEnajori /
_cBijaylakshmi Khanikar.
_hTextual Documents
250 _aist /
260 _aGuwahati :
_bAngik ;Ambari ,
_c2009-10.
300 _a71pg ;
_c30cm.
653 _aEnajori-Annual Souvenir
653 _aRef Section-Magazine.
942 _2ddc
_cBK
999 _c52298
_d52298